000 01013cam a22002651i 4500
003 SA-RiAUC
005 20250529061157.0
008 250526s1981 xx g 000r0 ara c
040 _aSA-RiAUC
_bara
_cSA-RiAUC
_erda
082 0 4 _a229
_qSA-RiAUC
090 _a229
_b ح س ن
100 1 _aالحسني، محمد بن علوي المالكي،
_d1367-1425 هجري
_eمؤلف.
245 1 0 _aحول خصائص القرآن /
_cتأليف محمد بن علي المالكي الحسني.
250 _aالطبعة الأولى.
264 1 _a[مكان النشر غير محدد] :
_b[الناشر غير محدد]،
_c[1981]
300 _a129 صفحة ؛
_c24 سم
336 _aنص
_btxt
_2rdacontent
_3كتاب
337 _aبدون وسيط
_bn
_2rdamedia
338 _aمجلد
_bnc
_2rdacarrier
630 2 7 _aالقرآن
_xمباحث عامة
_2aucut
630 2 7 _aالقرآن
_xإعجاز
_2aucut
730 2 2 _aالقرآن
942 _2ddc
_cBOOK
_n0
949 _aSA-JeALM
_d250526
_umohamedma123
_n1
999 _c8454
_d8454